Ensayos iberoamericanos

Gespeichert in:
Bibliographische Detailangaben
1. Verfasser: Buela, Alberto
Format: Buch
Sprache:Spanisch
Veröffentlicht: Buenos Aires, Argentina Cultura et Labor 1994
Schlagworte:
Tags: Tag hinzufügen
Keine Tags, Fügen Sie den ersten Tag hinzu!

MARC

LEADER 00000nam a2200000 a 4500
001 UCX9987
003 CL-VaPUC
005 20210928074612.0
008 940705e19940000AG |||||||||||||||||spa|d
999 |c 229091  |d 229089 
040 |c Pontificia Universidad Católica de Valparaíso 
082 0 4 |a 306 BUE 1994  |2 21 
100 0 |a Buela, Alberto  |9 327528 
245 1 0 |a Ensayos iberoamericanos 
260 0 3 |a Buenos Aires, Argentina  |b Cultura et Labor  |c 1994 
300 |a 97 páginas 
583 |a last modification  |c 19940705 00:00:00  |k Rodrigo Vera 
650 0 |a Identidad cultural  |9 319131 
651 0 |a América Latina   |9 255027 
942 |c BK  |2 ddc 
945 |d 19940705 00:00:00  |a aalvarez 
952 |0 0  |1 0  |2 ddc  |4 0  |6 306_000000000000000_BUE_1994  |7 0  |8 A  |9 229680  |a BIBEDU  |b BIBEDU  |d 2019-11-15  |i 2985616  |o 306 BUE 1994  |p 2985616  |r 2019-11-15  |t 1  |w 2019-11-15  |y BK  |k FIL 
952 |0 0  |1 0  |2 ddc  |4 0  |6 306_000000000000000_BUE_1994  |7 0  |8 A  |9 229681  |a BIBEDU  |b BIBEDU  |d 2019-11-15  |i 2985624  |l 3  |o 306 BUE 1994  |p 2985624  |r 2023-05-31  |s 2023-05-24  |t 2  |w 2019-11-15  |y BK  |k FIL